Loading...
| History - American | 0 | 3 | 0 | 0 | 30 | 52 | 62.33 | 2 | 3 | 12.74 | 24.29 |
| Science - Physics | 0 | 2 | 0 | 0 | 20 | 38 | 38.50 | 0 | 2 | 12.87 | 15.00 |
| Religion | 0 | 2 | 0 | 1 | 20 | 93 | 94.50 | 0 | 0 | 2.97 | 6.19 |
| Current Events | 0 | 1 | 0 | 1 | 10 | 98 | 98.00 | 0 | 0 | 0.74 | 8.33 |
| History - European | 0 | 1 | 0 | 0 | 10 | 93 | 93.00 | 0 | 0 | 1.91 | 1.67 |
| Philosophy | 0 | 1 | 1 | 0 | 5 | 98 | 98.00 | 0 | 0 | 1.16 | 3.57 |
| Literature - British | 0 | 0 | 1 | 0 | -5 | 0.00 | 0 | 0 | 0.00 | 0.00 | |
| Science - Chemistry | 0 | 0 | 1 | 0 | -5 | 0.00 | 0 | 0 | 0.00 | 0.00 | |
| History - Other | 0 | 0 | 1 | 0 | -5 | 0.00 | 0 | 0 | 0.00 | 0.00 | |
| Social Science | 0 | 0 | 1 | 0 | -5 | 0.00 | 0 | 0 | 0.00 | 0.00 |